[Event "IX Floripa Chess Open Fort Atacadista"]
[Site "Florianópolis - Santa Catari"]
[Date "2023.01.23"]
[Round "1.56"]
[White "Gusmao, Pablo Da Silva"]
[Black "De Oliveira, Gustavo Alfredo Bue"]
[Result "1/2-1/2"]
[WhiteElo "1563"]
[BlackElo "2150"]
[PlyCount "50"]
[EventDate "2023.01.23"]
[EventRounds "10"]
[EventCountry "BRA"]

1. e4 c5 2. c3 e6 3. d4 d5 4. exd5 exd5 5. Bb5+ Nc6 6. Nf3 Bd6 7. dxc5 Bxc5 8.
O-O Nf6 9. Re1+ Be6 10. Nbd2 Qb6 11. Bxc6+ bxc6 12. Qe2 Ng4 13. Nd4 O-O 14. h3
Nf6 15. N2b3 Bd6 16. Nxe6 fxe6 17. Qxe6+ Kh8 18. Be3 Qc7 19. Bc5 Bxc5 20. Nxc5
Rae8 21. Qf5 Ne4 22. Qd7 Qf4 23. Nxe4 Rxe4 24. Qxa7 Qd2 25. Rxe4 dxe4 1/2-1/2

[Event "IX Floripa Chess Open Fort Atacadista"]
[Site "Florianópolis - Santa Catari"]
[Date "2023.01.23"]
[Round "1.57"]
[White "Delgado, Lidio Dias"]
[Black "Ramazzotte, Maicon Zilli"]
[Result "1-0"]
[WhiteElo "2150"]
[BlackElo "1562"]
[PlyCount "49"]
[EventDate "2023.01.23"]
[EventRounds "10"]
[EventCountry "BRA"]

1. d4 Nf6 2. Nf3 e6 3. c4 d5 4. g3 Be7 5. Bg2 O-O 6. O-O b6 7. cxd5 exd5 8. Nc3
c6 9. Bf4 Bb7 10. Rc1 Nbd7 11. Ne5 c5 12. e3 h6 13. h4 Ne4 14. Nxe4 dxe4 15.
Qa4 Nxe5 16. Bxe5 f6 17. dxc5 Bxc5 18. b4 Bd6 19. Bxd6 Qxd6 20. Rfd1 Qe6 21.
Rc7 Rf7 22. Rxf7 Qxf7 23. Rd7 Qe8 24. Qb3+ Kh8 25. Rxb7 1-0

[Event "IX Floripa Chess Open Fort Atacadista"]
[Site "Florianópolis - Santa Catari"]
[Date "2023.01.23"]
[Round "1.58"]
[White "Carmo, Jose Arlindo"]
[Black "Piccoli, Lucas Fonseca"]
[Result "0-1"]
[WhiteElo "1562"]
[BlackElo "2148"]
[PlyCount "72"]
[EventDate "2023.01.23"]
[EventRounds "10"]
[EventCountry "BRA"]

1. e4 c5 2. Nf3 Nc6 3. Bb5 g6 4. O-O Bg7 5. c3 Nf6 6. Re1 O-O 7. d4 cxd4 8.
cxd4 d6 9. h3 Qa5 10. Nc3 a6 11. Bc4 b5 12. Bb3 b4 13. Nd5 Bb7 14. Bd2 Qd8 15.
Nxf6+ Bxf6 16. Bh6 Re8 17. e5 dxe5 18. dxe5 Qxd1 19. Raxd1 Bg7 20. e6 f5 21.
Bc1 Na5 22. Bd5 Rad8 23. Bxb7 Nxb7 24. Rxd8 Rxd8 25. Bg5 Kf8 26. Ne5 Rd6 27.
Nc4 Rc6 28. b3 Nc5 29. Ne5 Rxe6 30. Nd7+ Ke8 31. Rxe6 Nxe6 32. Bxe7 Kxe7 33.
Nb8 Kd6 34. Nxa6 Bc3 35. Kf1 Kc6 36. Nb8+ Kc7 0-1

[Event "IX Floripa Chess Open Fort Atacadista"]
[Site "Florianópolis - Santa Catari"]
[Date "2023.01.23"]
[Round "1.59"]
[White "Heinechen, Juan"]
[Black "Ricci, Lucas Estremes"]
[Result "1-0"]
[WhiteElo "2146"]
[BlackElo "1559"]
[PlyCount "71"]
[EventDate "2023.01.23"]
[EventRounds "10"]
[EventCountry "BRA"]

1. e4 e6 2. Qe2 c5 3. g3 Nc6 4. c3 Bd6 5. Bg2 Bc7 6. Nh3 Nf6 7. d3 d5 8. O-O d4
9. c4 Bd7 10. f4 e5 11. Nd2 Qe7 12. Nf3 O-O-O 13. Bd2 Kb8 14. a3 Bxh3 15. Bxh3
exf4 16. gxf4 h6 17. Nh4 Rdg8 18. Nf5 Qd8 19. b4 g5 20. bxc5 gxf4+ 21. Kh1 Rg6
22. Nd6 f3 23. Qxf3 Bxd6 24. cxd6 Ne5 25. Qf5 Nxd3 26. e5 Nb2 27. c5 Nd5 28.
Qxf7 Qg8 29. Qxg8+ Rhxg8 30. e6 Nd3 31. Be1 Ne3 32. Bg3 Nxf1 33. Rxf1 b6 34. c6
a5 35. e7 Nc5 36. d7+ 1-0

[Event "IX Floripa Chess Open Fort Atacadista"]
[Site "Florianópolis - Santa Catari"]
[Date "2023.01.23"]
[Round "1.60"]
[White "Fraga, Heitor Carneiro"]
[Black "Bueno, Alfeu Junior Varela"]
[Result "1-0"]
[WhiteElo "1556"]
[BlackElo "2145"]
[PlyCount "69"]
[EventDate "2023.01.23"]
[EventRounds "10"]
[EventCountry "BRA"]

1. e4 e6 2. d4 d5 3. Nd2 Nf6 4. e5 Nfd7 5. Ngf3 c5 6. c3 Nc6 7. Bd3 Qb6 8. O-O
cxd4 9. cxd4 Nxd4 10. Nxd4 Qxd4 11. Nf3 Qb6 12. a3 Nc5 13. Be3 Qxb2 14. Bc2 Bd7
15. Bd4 Qb6 16. Ng5 Be7 17. Qg4 h6 18. Nf3 g5 19. Qh5 Qc7 20. Rfc1 b6 21. Be3
Qd8 22. h4 gxh4 23. Bg6 Bb5 24. Bxf7+ Kd7 25. Qg6 Bd3 26. Bxe6+ Nxe6 27. Qxd3
Bg5 28. Nxg5 hxg5 29. Qxd5+ Ke7 30. Qb7+ Kf8 31. Rc6 Rh6 32. Rac1 Qe8 33. Rc8
Rxc8 34. Rxc8 Nd8 35. Qb8 1-0

[Event "IX Floripa Chess Open Fort Atacadista"]
[Site "Florianópolis - Santa Catari"]
[Date "2023.01.23"]
[Round "1.61"]
[White "Vargas, Gabriela"]
[Black "Usui, Gabriella Yumi"]
[Result "1-0"]
[WhiteElo "2145"]
[BlackElo "1550"]
[PlyCount "67"]
[EventDate "2023.01.23"]
[EventRounds "10"]
[EventCountry "BRA"]

1. d4 d5 2. Nf3 Nf6 3. c3 c5 4. Bf4 Bf5 5. Qb3 b6 6. e3 c4 7. Qa4+ Qd7 8. Qxd7+
Nbxd7 9. Nh4 Bg6 10. Nxg6 hxg6 11. b3 Rc8 12. bxc4 dxc4 13. a4 e6 14. Nd2 Nd5
15. Rc1 Ba3 16. Rc2 Be7 17. Bg3 b5 18. axb5 N7b6 19. e4 Nf6 20. Ra2 Rh5 21. Ra5
Bd8 22. Be2 Nbd5 23. Rxa7 Nxc3 24. e5 Nfd5 25. Nxc4 Nxb5 26. Rb7 Rxc4 27. Bxc4
Nxd4 28. O-O Nc3 29. Re1 Ba5 30. Kf1 Nd5 31. Ra1 Bd8 32. Ra8 Nc6 33. Bb5 Nde7
34. Rbb8 1-0

[Event "IX Floripa Chess Open Fort Atacadista"]
[Site "Florianópolis - Santa Catari"]
[Date "2023.01.23"]
[Round "1.62"]
[White "Romais, Rodrigo"]
[Black "Burgos, Marcelo Alves"]
[Result "0-1"]
[WhiteElo "1548"]
[BlackElo "2143"]
[PlyCount "56"]
[EventDate "2023.01.23"]
[EventRounds "10"]
[EventCountry "BRA"]

1. e4 c5 2. Nf3 d6 3. d3 Nc6 4. g3 g6 5. Bg2 Bg7 6. O-O Nf6 7. Bf4 Nh5 8. Be3
Bxb2 9. Nbd2 Bg7 10. Rb1 O-O 11. Re1 Rb8 12. Nf1 Qa5 13. Qc1 Qxa2 14. Bh6 Qa5
15. Bxg7 Kxg7 16. h4 e5 17. N1h2 Qc7 18. c3 b5 19. Nf1 b4 20. Ne3 bxc3 21. Rxb8
Qxb8 22. Qxc3 Nd4 23. Qc1 Be6 24. Nxd4 cxd4 25. Nf5+ Bxf5 26. exf5 h6 27. g4
Nf4 28. Qd2 Qd8 0-1

[Event "IX Floripa Chess Open Fort Atacadista"]
[Site "Florianópolis - Santa Catari"]
[Date "2023.01.23"]
[Round "1.63"]
[White "Saito, Vinicius"]
[Black "Belina, Jose Carlos Fernand"]
[Result "1-0"]
[WhiteElo "2138"]
[BlackElo "1546"]
[PlyCount "109"]
[EventDate "2023.01.23"]
[EventRounds "10"]
[EventCountry "BRA"]

1. e4 e5 2. Nf3 Nc6 3. Bb5 Nf6 4. d3 Bc5 5. Bxc6 dxc6 6. h3 h6 7. Nbd2 Be6 8.
Nb3 Bxb3 9. axb3 Qe7 10. Qe2 O-O-O 11. Nd2 a6 12. Nc4 Kb8 13. Bd2 Nd7 14. O-O-O
Nb6 15. Ne3 g6 16. Rhf1 Qd6 17. g3 Qe6 18. g4 Bxe3 19. Bxe3 g5 20. f3 Rhe8 21.
h4 Qg6 22. Rh1 Qg7 23. hxg5 hxg5 24. Rh5 f6 25. Rdh1 Rh8 26. Qh2 Rxh5 27. Qxh5
Nd7 28. Qh7 Qxh7 29. Rxh7 c5 30. Kd2 b6 31. c3 Kb7 32. b4 cxb4 33. cxb4 Kc6 34.
Kc3 Kd6 35. Rh6 Ke7 36. Kc4 b5+ 37. Kc3 Kf7 38. Rh7+ Ke6 39. b3 Rc8 40. Rh6 Kf7
41. d4 Kg7 42. Rh2 exd4+ 43. Bxd4 c5 44. bxc5 Nxc5 45. Kb4 Ne6 46. Bb6 Rc6 47.
Be3 Rd6 48. Kc3 Rc6+ 49. Kd2 Nc5 50. b4 Nb3+ 51. Kd3 Kf7 52. Rc2 Rd6+ 53. Kc3
a5 54. Kxb3 Rd3+ 55. Rc3 1-0

[Event "IX Floripa Chess Open Fort Atacadista"]
[Site "Florianópolis - Santa Catari"]
[Date "2023.01.23"]
[Round "1.64"]
[White "Malanowski, Lara Carolina"]
[Black "Curi, Gabriel"]
[Result "0-1"]
[WhiteElo "1544"]
[BlackElo "2136"]
[PlyCount "144"]
[EventDate "2023.01.23"]
[EventRounds "10"]
[EventCountry "BRA"]

1. d4 d5 2. Bg5 Nc6 3. f3 Bf5 4. Nc3 h6 5. Bh4 g5 6. Bf2 Nf6 7. a3 Bg7 8. g4
Bg6 9. h4 Qd7 10. Qd2 O-O-O 11. O-O-O b6 12. Bg2 e5 13. dxe5 Nxe5 14. hxg5 hxg5
15. Qxg5 Rxh1 16. Bxh1 Nc4 17. Qf4 Ne4 18. fxe4 Bxc3 19. bxc3 Qa4 20. Rd4 Qxa3+
21. Kd1 Qa1+ 22. Qc1 Nb2+ 23. Kd2 Nc4+ 24. Kd1 Qxc3 25. Qf4 c5 26. Rd3 Qa1+ 27.
Qc1 Nb2+ 28. Kd2 Nc4+ 29. Kd1 Nb2+ 30. Kd2 Qxc1+ 31. Kxc1 Nxd3+ 32. exd3 dxe4
33. dxe4 Rh8 34. Bf3 Re8 35. g5 Bxe4 36. Bg4+ Kb7 37. Ne2 Re5 38. Be3 a5 39.
Bf4 Re8 40. Nc3 Bc6 41. Be2 Rh8 42. Be5 Rh4 43. Bf6 a4 44. Kb2 b5 45. Na2 Rh2
46. Bd3 b4 47. Be7 b3 48. Nc3 c4 49. Bf5 Rf2 50. Bh7 Rh2 51. Bf5 Rf2 52. Bh7
Ka6 53. Bc5 Rh2 54. Bf5 Kb7 55. Be7 Kc7 56. Bf6 Rf2 57. Be5+ Kd8 58. Bh7 Ke7
59. Bd4 Rg2 60. Bc5+ Ke6 61. Be3 Rg3 62. Bf4 a3+ 63. Kxa3 Rxc3 64. cxb3 Rxb3+
65. Ka2 Rf3 66. Bc1 Rf1 67. Bb2 Rf3 68. g6 Be4 69. Bc1 Bxg6 70. Bxg6 fxg6 71.
Kb2 Rd3 72. Kc2 Kf5 0-1

[Event "IX Floripa Chess Open Fort Atacadista"]
[Site "Florianópolis - Santa Catari"]
[Date "2023.01.23"]
[Round "1.66"]
[White "Nobre, Jose Adalberto Barb"]
[Black "Volkmann, Andre Jordi"]
[Result "0-1"]
[WhiteElo "1542"]
[BlackElo "2129"]
[PlyCount "64"]
[EventDate "2023.01.23"]
[EventRounds "10"]
[EventCountry "BRA"]

1. e4 c6 2. Nc3 d5 3. Nf3 dxe4 4. Nxe4 Nf6 5. Ng3 g6 6. Bc4 Bg7 7. O-O O-O 8.
d4 Nbd7 9. Bb3 Nb6 10. h3 a5 11. c3 a4 12. Bc2 Be6 13. Ne4 Nxe4 14. Bxe4 Nd5
15. Ng5 a3 16. Nxe6 fxe6 17. Bxd5 exd5 18. bxa3 e5 19. dxe5 Bxe5 20. Bb2 Qb6
21. Qb3 Qc7 22. Rad1 b5 23. Rd3 Rf5 24. Bc1 Bd6 25. Qd1 Bxa3 26. g4 Rf7 27. Bh6
Bc5 28. Rf3 Rxa2 29. Rxf7 Qg3+ 30. Kh1 Qxh3+ 31. Kg1 Kxf7 32. Qc1 Bd6 0-1

[Event "IX Floripa Chess Open Fort Atacadista"]
[Site "Florianópolis - Santa Catari"]
[Date "2023.01.23"]
[Round "1.67"]
[White "Becker, Rogerio Sperb"]
[Black "Barbosa, Kassio Rodrigo"]
[Result "1-0"]
[WhiteElo "2128"]
[BlackElo "1540"]
[PlyCount "105"]
[EventDate "2023.01.23"]
[EventRounds "10"]
[EventCountry "BRA"]

1. c4 Nf6 2. g3 Nc6 3. Bg2 g6 4. d4 Bg7 5. d5 Nb8 6. Nc3 c6 7. Nf3 O-O 8. O-O
Re8 9. e4 e5 10. h3 d6 11. Be3 c5 12. a3 a6 13. b4 b6 14. Rb1 Nbd7 15. a4 cxb4
16. Rxb4 Nc5 17. Qc2 Bd7 18. Rfb1 Rb8 19. a5 b5 20. cxb5 Bxb5 21. Nxb5 axb5 22.
Bxc5 dxc5 23. Rxb5 Rxb5 24. Rxb5 Nd7 25. Nd2 Qc7 26. Nc4 Rb8 27. Qb3 Bf8 28. h4
f6 29. d6 Bxd6 30. Nxd6+ c4 31. Rxb8+ Nxb8 32. Qxc4+ Qxc4 33. Nxc4 Kf8 34. Ne3
Kf7 35. Bf1 Nc6 36. a6 Ke6 37. Bb5 Na7 38. Bc4+ Kd6 39. f3 Kc5 40. Kf2 Nc6 41.
Bd5 Na7 42. Ng4 f5 43. Nxe5 fxe4 44. Bxe4 Kb6 45. Bb7 Nb5 46. Ke3 Nd6 47. Kf4
Nxb7 48. axb7 Kxb7 49. Nxg6 Kc7 50. Kg5 Kd8 51. Kf6 Ke8 52. Kg7 hxg6 53. g4 1-0

[Event "IX Floripa Chess Open Fort Atacadista"]
[Site "Florianópolis - Santa Catari"]
[Date "2023.01.23"]
[Round "1.68"]
[White "Bokhonok, Tatiana Dos Santos "]
[Black "Moura, Eduardo Eugenio Cha"]
[Result "0-1"]
[WhiteElo "1539"]
[BlackElo "2127"]
[PlyCount "66"]
[EventDate "2023.01.23"]
[EventRounds "10"]
[EventCountry "BRA"]

1. d4 c5 2. d5 Nf6 3. c4 b5 4. Qc2 b4 5. e4 d6 6. f4 g6 7. b3 Nxe4 8. Bb2 Nf6
9. Nd2 Bg7 10. Bd3 O-O 11. Ne4 a5 12. Nf3 a4 13. bxa4 Bd7 14. Nxf6+ exf6 15.
O-O Bxa4 16. Qf2 f5 17. Bxg7 Kxg7 18. Qb2+ Qf6 19. Qxf6+ Kxf6 20. Rfe1 Nd7 21.
Ng5 Rh8 22. Re7 h6 23. Nf3 Nb6 24. g4 Bb3 25. Nd2 Bxa2 26. g5+ hxg5 27. fxg5+
Kg7 28. Kg2 Nxd5 29. Kg3 Ra3 30. cxd5 Rxd3+ 31. Kg2 Bxd5+ 32. Kf1 c4 33. Rb1 c3
0-1

[Event "IX Floripa Chess Open Fort Atacadista"]
[Site "Florianópolis - Santa Catari"]
[Date "2023.01.23"]
[Round "1.69"]
[White "Campelo, Leandro Fabricio"]
[Black "Paula Pinto, Mateus Arsenio"]
[Result "1/2-1/2"]
[WhiteElo "2125"]
[BlackElo "1538"]
[PlyCount "86"]
[EventDate "2023.01.23"]
[EventRounds "10"]
[EventCountry "BRA"]

1. e4 e5 2. Nf3 Nc6 3. Bb5 Nge7 4. O-O Ng6 5. c3 d6 6. d4 Bd7 7. Re1 Be7 8. Be3
a6 9. Ba4 O-O 10. Nbd2 Kh8 11. Bc2 f5 12. exf5 Bxf5 13. Bxf5 Rxf5 14. Nf1 Rf8
15. Ng3 Nh4 16. Nxh4 Bxh4 17. dxe5 Nxe5 18. Qd5 b6 19. Bd4 Nd7 20. Nh5 Nf6 21.
Bxf6 Bxf6 22. f4 Rc8 23. Re6 a5 24. Rae1 Qd7 25. f5 Rce8 26. Nxf6 gxf6 27. Qd4
Rxe6 28. fxe6 Qe7 29. Qd5 f5 30. Qd4+ Kg8 31. Re3 f4 32. Re4 Rf5 33. c4 h5 34.
h3 f3 35. g3 f2+ 36. Kf1 Rf3 37. Qd5 Rxg3 38. Qxh5 Qf6 39. Qe8+ Qf8 40. Qxf8+
Kxf8 41. h4 Rh3 42. Rf4+ Ke7 43. b3 Kxe6 1/2-1/2

[Event "IX Floripa Chess Open Fort Atacadista"]
[Site "Florianópolis - Santa Catari"]
[Date "2023.01.23"]
[Round "1.70"]
[White "Ludtke, Ezequiel Rodrigues"]
[Black "Kropff, Ricardo"]
[Result "0-1"]
[WhiteElo "1538"]
[BlackElo "2125"]
[PlyCount "104"]
[EventDate "2023.01.23"]
[EventRounds "10"]
[EventCountry "BRA"]

1. e4 e5 2. Qe2 Nc6 3. c3 Nf6 4. g3 d5 5. d3 a5 6. Bg2 Bg4 7. Nf3 d4 8. c4 Nd7
9. O-O Be7 10. Nbd2 O-O 11. h3 Bh5 12. g4 Bg6 13. Nh2 Bg5 14. b3 Re8 15. Bb2
Nc5 16. Rfd1 a4 17. Ba3 Ne6 18. b4 Nf4 19. Qf3 Re6 20. Bf1 h5 21. b5 Nb8 22.
Bc1 Rf6 23. Qh1 Ne6 24. Nhf3 Bf4 25. Qg2 hxg4 26. hxg4 Nc5 27. Be2 Rb6 28. Ba3
Nbd7 29. Nf1 c6 30. bxc6 bxc6 31. Rab1 Rab8 32. Rxb6 Rxb6 33. Ng3 Ne6 34. Kh1
f6 35. Rg1 Bg5 36. Rd1 Nf4 37. Qf1 c5 38. Nf5 Bf7 39. Re1 Be6 40. Qg1 g6 41.
N5h4 Nf8 42. Qg3 Rb7 43. Kg1 Rh7 44. Bxc5 Bxh4 45. Nxh4 g5 46. Ng2 Rh3 47. Nxf4
Rxg3+ 48. fxg3 exf4 49. gxf4 gxf4 50. a3 Ng6 51. Kf2 Qc7 52. Bb4 f3 0-1

[Event "IX Floripa Chess Open Fort Atacadista"]
[Site "Florianópolis - Santa Catari"]
[Date "2023.01.23"]
[Round "1.71"]
[White "Silveira, Leonardo Eleuterio "]
[Black "Gomes, Carlos"]
[Result "1-0"]
[WhiteElo "2124"]
[BlackElo "1537"]
[PlyCount "91"]
[EventDate "2023.01.23"]
[EventRounds "10"]
[EventCountry "BRA"]

1. d4 d5 2. c4 c6 3. Nf3 e6 4. g3 Be7 5. Bg2 Nf6 6. O-O O-O 7. Nc3 Nbd7 8. b3
b6 9. Bb2 Bb7 10. Rc1 Rc8 11. Re1 Qc7 12. e3 Qb8 13. a3 Rfd8 14. cxd5 cxd5 15.
b4 Bc6 16. b5 Bb7 17. Bf1 Bd6 18. Qb3 Qa8 19. Rc2 Ne4 20. Rec1 Ndf6 21. Nd2
Nxd2 22. Rxd2 Ne4 23. Nxe4 dxe4 24. Rdc2 Rxc2 25. Rxc2 Bd5 26. Bc4 Bb8 27. Bxd5
exd5 28. Rc6 Qb7 29. Qc2 Bd6 30. a4 Qe7 31. Bc1 g6 32. Bd2 Rd7 33. a5 Rc7 34.
Bb4 Rd7 35. Bxd6 Rxd6 36. axb6 axb6 37. Rxd6 Qxd6 38. Qc6 Qe6 39. h4 h5 40.
Qxe6 fxe6 41. g4 Kf7 42. Kg2 Kf6 43. f3 g5 44. gxh5 gxh4 45. f4 Kf5 46. Kh3 1-0

[Event "IX Floripa Chess Open Fort Atacadista"]
[Site "Florianópolis - Santa Catari"]
[Date "2023.01.23"]
[Round "1.72"]
[White "Oliveira, Sara Beatris Silva"]
[Black "Federzoni, Enzo"]
[Result "0-1"]
[WhiteElo "1535"]
[BlackElo "2123"]
[PlyCount "66"]
[EventDate "2023.01.23"]
[EventRounds "10"]
[EventCountry "BRA"]

1. d4 Nf6 2. c4 g6 3. Nc3 d5 4. e3 Bg7 5. b3 O-O 6. Bd3 c5 7. Nge2 Nc6 8. O-O
cxd4 9. exd4 b6 10. Bb2 Bb7 11. Nb5 a6 12. Na3 Nb4 13. f3 Rc8 14. Nc2 Nxd3 15.
Qxd3 dxc4 16. bxc4 e5 17. Qb3 e4 18. d5 b5 19. Ne3 bxc4 20. Qxb7 Rb8 21. Qxa6
Rxb2 22. Qxc4 Qb6 23. Kf2 Bh6 24. Qc3 exf3 25. Kxf3 Re8 26. Nc4 Qc5 27. Nxb2
Re3+ 28. Kf2 Rxc3+ 29. Ke1 Rc2 30. Rxf6 Rxb2 31. d6 Qe5 32. Rf2 Rxe2+ 33. Rxe2
Qxa1+ 0-1

[Event "IX Floripa Chess Open Fort Atacadista"]
[Site "Florianópolis - Santa Catari"]
[Date "2023.01.23"]
[Round "1.73"]
[White "Fernandes Filho, Bergson Fragoso"]
[Black "Monauer, Caique"]
[Result "0-1"]
[WhiteElo "2113"]
[BlackElo "1533"]
[PlyCount "62"]
[EventDate "2023.01.23"]
[EventRounds "10"]
[EventCountry "BRA"]

1. Nf3 Nf6 2. g3 d5 3. Bg2 e6 4. O-O Be7 5. c4 O-O 6. cxd5 exd5 7. d3 c6 8. Nc3
Bg4 9. h3 Bxf3 10. Bxf3 Nbd7 11. Bf4 Re8 12. e4 dxe4 13. dxe4 Bf8 14. Bg2 Nc5
15. e5 Qxd1 16. Raxd1 Nh5 17. Be3 Rxe5 18. b4 Ne6 19. b5 Nxg3 20. bxc6 bxc6 21.
Rfe1 Nf5 22. Bc1 Rxe1+ 23. Rxe1 Bb4 24. Bb2 Rd8 25. Bxc6 Rd2 26. Ba1 Nfd4 27.
Rb1 Nxc6 28. a4 a5 29. Nd5 Re2 30. Ne3 Re1+ 31. Rxe1 Bxe1 0-1

[Event "IX Floripa Chess Open Fort Atacadista"]
[Site "Florianópolis - Santa Catari"]
[Date "2023.01.23"]
[Round "1.74"]
[White "Liebl, Livia"]
[Black "Calcado, Acyr Rogerio"]
[Result "0-1"]
[WhiteElo "1529"]
[BlackElo "2106"]
[PlyCount "68"]
[EventDate "2023.01.23"]
[EventRounds "10"]
[EventCountry "BRA"]

1. d4 c5 2. e3 d5 3. Nf3 Nf6 4. Nbd2 e6 5. b3 cxd4 6. exd4 Be7 7. Bd3 O-O 8.
Ne5 Nc6 9. Nxc6 bxc6 10. O-O Qb6 11. Nf3 Ba6 12. c4 c5 13. dxc5 Bxc5 14. cxd5
Nxd5 15. Bb2 Bxd3 16. Qxd3 f6 17. Qe4 Rad8 18. Qg4 Nb4 19. h4 Nd3 20. Rab1 Nxf2
21. Qc4 Ng4+ 22. Kh1 Ne3 23. Qe4 Nxf1 24. Rxf1 e5 25. h5 Bd4 26. Ba3 f5 27. Qe2
Rfe8 28. Ng5 Qc6 29. Rxf5 e4 30. Qf1 e3 31. Bb4 e2 32. Qe1 Qc2 33. Rb5 Be5 34.
Nf3 Rd1 0-1

[Event "IX Floripa Chess Open Fort Atacadista"]
[Site "Florianópolis - Santa Catari"]
[Date "2023.01.23"]
[Round "1.75"]
[White "Trevisan, Rodrigo"]
[Black "Paniago, Lucio Erloiny Silva"]
[Result "1-0"]
[WhiteElo "2101"]
[BlackElo "1529"]
[PlyCount "83"]
[EventDate "2023.01.23"]
[EventRounds "10"]
[EventCountry "BRA"]

1. c4 e6 2. Nc3 Nf6 3. e4 Nc6 4. d4 Bb4 5. e5 Ne4 6. Nge2 d6 7. f3 Nxc3 8. bxc3
Ba5 9. exd6 cxd6 10. Be3 O-O 11. Qc2 Qh4+ 12. g3 Qf6 13. Bg2 e5 14. O-O Re8 15.
d5 Nb8 16. f4 Nd7 17. Rae1 Qd8 18. Be4 Nf8 19. fxe5 dxe5 20. Nc1 Bd7 21. Nb3
Bc7 22. Qf2 f6 23. c5 Bb5 24. d6 Ba5 25. Bxb7 Bxf1 26. Qxf1 Rb8 27. Bc6 Bxc3
28. Qc4+ Re6 29. Qxc3 Kh8 30. Qa5 Qc8 31. d7 Nxd7 32. Bd5 Ra6 33. Qd2 f5 34.
Bc4 Rg6 35. Bf7 Rf6 36. Qd5 f4 37. Bf2 Nf8 38. Rxe5 f3 39. Bh5 Qc7 40. Rf5 Rd8
41. Rxf6 gxf6 42. Qxf3 1-0

[Event "IX Floripa Chess Open Fort Atacadista"]
[Site "Florianópolis - Santa Catari"]
[Date "2023.01.23"]
[Round "1.76"]
[White "Mayara Sibowicz, Giovanna"]
[Black "Starke, Bruno Orlando"]
[Result "0-1"]
[WhiteElo "1528"]
[BlackElo "2100"]
[PlyCount "64"]
[EventDate "2023.01.23"]
[EventRounds "10"]
[EventCountry "BRA"]

1. e4 c5 2. Nf3 e6 3. d4 cxd4 4. Nxd4 Nc6 5. Be2 Nf6 6. Nc3 Qc7 7. O-O a6 8.
Be3 Bb4 9. Bd3 Nxd4 10. Bxd4 e5 11. Be3 Bxc3 12. bxc3 d6 13. Bd2 Be6 14. f4
exf4 15. Bxf4 O-O 16. h3 Nd7 17. Qf3 Ne5 18. Qg3 Qxc3 19. a4 b5 20. axb5 axb5
21. Rxa8 Rxa8 22. Kh2 b4 23. Bh6 Ng6 24. Bf4 Nxf4 25. Rxf4 Rc8 26. Rf3 Qe5 27.
Kh1 Rc3 28. Qe1 g6 29. Qh4 Kg7 30. Kg1 b3 31. cxb3 Qd4+ 32. Qf2 Rxd3 0-1

[Event "IX Floripa Chess Open Fort Atacadista"]
[Site "Florianópolis - Santa Catari"]
[Date "2023.01.23"]
[Round "1.78"]
[White "Monici, Arthur Brecht De Fr"]
[Black "Do Nascimento, Christian Almeida"]
[Result "0-1"]
[WhiteElo "1511"]
[BlackElo "2097"]
[PlyCount "70"]
[EventDate "2023.01.23"]
[EventRounds "10"]
[EventCountry "BRA"]

1. e4 c5 2. Nf3 g6 3. c3 d5 4. exd5 Qxd5 5. Na3 Nf6 6. Bc4 Qe4+ 7. Qe2 Qxe2+ 8.
Kxe2 Bg7 9. Nb5 Na6 10. d4 cxd4 11. Nbxd4 O-O 12. Re1 Bd7 13. Ne5 Rac8 14. Bxa6
bxa6 15. Nxd7 Nxd7 16. Be3 Nb6 17. Kf1 Nc4 18. Re2 Rfd8 19. Nf3 Rd7 20. Bd4 f6
21. Re6 Nxb2 22. Rae1 Kf7 23. Rxa6 e5 24. Bxa7 Ra8 25. Rb1 Nd3 26. Rd1 e4 27.
Nd2 f5 28. f3 Nb2 29. Rb1 Rxd2 30. Be3 Rxa6 31. Bxd2 Rxa2 32. fxe4 fxe4 33. Ke2
Nc4 34. Rb7+ Kg8 35. Rd7 e3 0-1

[Event "IX Floripa Chess Open Fort Atacadista"]
[Site "Florianópolis - Santa Catari"]
[Date "2023.01.23"]
[Round "1.79"]
[White "De Carvalho, Vitor Augusto Ponci"]
[Black "Cardoso, Maria Paula Da Silv"]
[Result "1-0"]
[WhiteElo "2097"]
[BlackElo "1511"]
[PlyCount "83"]
[EventDate "2023.01.23"]
[EventRounds "10"]
[EventCountry "BRA"]

1. e4 c5 2. Nf3 d6 3. g3 g6 4. Bg2 Bg7 5. O-O Nc6 6. c3 e5 7. d3 Nge7 8. a3 a5
9. a4 O-O 10. Na3 h6 11. Nb5 f5 12. Nd2 f4 13. Nc4 f3 14. Bxf3 Bh3 15. Bg2 Bxg2
16. Kxg2 d5 17. Ncd6 Qd7 18. Qb3 c4 19. dxc4 dxe4 20. c5+ Kh8 21. Nxe4 Qd3 22.
Nbd6 Nf5 23. Qd1 Qa6 24. Be3 Rad8 25. Re1 Nce7 26. Qe2 Qc6 27. Kg1 Nxd6 28.
cxd6 Nf5 29. Bc5 b6 30. Ba3 Rf7 31. Qb5 Qb7 32. Rad1 Rfd7 33. Qd5 Qb8 34. Rd2
Re8 35. Qc6 Qd8 36. b4 axb4 37. Bxb4 Ra7 38. d7 Rg8 39. Red1 Ne7 40. Bxe7 Qxe7
41. d8=Q Rxd8 42. Rxd8+ 1-0

[Event "IX Floripa Chess Open Fort Atacadista"]
[Site "Florianópolis - Santa Catari"]
[Date "2023.01.23"]
[Round "1.80"]
[White "Da Silva, Kauan Salvagni Tele"]
[Black "Souza, Rafael Cabral De"]
[Result "0-1"]
[WhiteElo "1498"]
[BlackElo "2096"]
[PlyCount "60"]
[EventDate "2023.01.23"]
[EventRounds "10"]
[EventCountry "BRA"]

1. d4 Nf6 2. Nf3 g6 3. c4 c5 4. e3 Bg7 5. Be2 O-O 6. O-O cxd4 7. Nxd4 d5 8. Nc3
a6 9. a3 dxc4 10. Bxc4 Ng4 11. Be2 h5 12. h3 Ne5 13. Bd2 Nbc6 14. Nxc6 Nxc6 15.
Bf3 Ne5 16. Be2 Be6 17. Qc2 Rc8 18. Rfd1 Qb6 19. b4 Nc4 20. Bxc4 Rxc4 21. Rac1
Rfc8 22. Qd3 Rd8 23. Qe2 Qc6 24. Nb1 Bb2 25. Rxc4 Bxc4 26. Qf3 Qxf3 27. gxf3
Ba2 28. Kf1 Bxb1 29. Rxb1 Rxd2 30. Ke1 Rc2 0-1

[Event "IX Floripa Chess Open Fort Atacadista"]
[Site "Florianópolis - Santa Catari"]
[Date "2023.01.23"]
[Round "1.81"]
[White "Heredia Serrano, Carla"]
[Black "Gomes, Joao Paulo Santos"]
[Result "1-0"]
[WhiteElo "2093"]
[BlackElo "1492"]
[PlyCount "107"]
[EventDate "2023.01.23"]
[EventRounds "10"]
[EventCountry "BRA"]

1. e4 c5 2. Nf3 d6 3. Bb5+ Bd7 4. Bxd7+ Qxd7 5. O-O Nf6 6. e5 dxe5 7. Nxe5 Qc8
8. b3 Nc6 9. Bb2 g6 10. Re1 Bg7 11. Nxc6 Qxc6 12. Na3 e6 13. Nc4 O-O 14. a4
Rad8 15. h3 Ne4 16. Bxg7 Kxg7 17. Qf3 Nd6 18. Qxc6 bxc6 19. Nxd6 Rxd6 20. d3
Rfd8 21. Re4 a5 22. Rae1 Rd4 23. g4 R8d6 24. f3 Rd7 25. Kf2 R7d6 26. R1e3 Rd7
27. Ke2 Rb4 28. Kd2 Kf6 29. Kc3 Rbd4 30. h4 h6 31. Re2 g5 32. hxg5+ hxg5 33.
R4e3 R7d6 34. Rh2 Kg7 35. Rh3 f6 36. Re2 e5 37. Reh2 Kf7 38. Rh7+ Ke6 39. Ra7
Rf4 40. Rh3 f5 41. Rxa5 fxg4 42. fxg4 Rxg4 43. Rxc5 Rh4 44. Re3 Rd5 45. Rxc6+
Kf5 46. Rc8 Kf4 47. Re4+ Kg3 48. Rg8 Rc5+ 49. Kb4 Rxe4+ 50. Kxc5 Rd4 51. Rxg5+
Kf4 52. Rh5 Rd8 53. Rh4+ Ke3 54. Re4+ 1-0